| 000 | nam a22 7a 4500 | ||
|---|---|---|---|
| 999 |
_c27648 _d27648 |
||
| 008 | 170209b xxu||||| |||| 00| 0 eng d | ||
| 020 | _a9780675131056 | ||
| 050 | _aQA 152.2 .P75 1992 | ||
| 100 |
_aPrice, Jack. _d1992 |
||
| 245 |
_aPre-algebra: _bA transition to algebra/ _cJack Price, James N. Rath, William Leschensky. |
||
| 260 |
_aCalifornia: _bGlencoe, _c1992. |
||
| 300 |
_axvi, 654p.: _bill.; _c29cm. |
||
| 521 | _aIncludes index. | ||
| 650 | _aAlgebra. | ||
| 700 | _aRath, James N. | ||
| 700 | _aLeschensky, William. | ||
| 942 |
_2lcc _cBOOKS _hQA 152.2 .P75 1992 |
||